书目信息 |
| 题名: |
普希金长诗选
|
|
| 作者: | 普希金 著 ;李毓珍 译 | |
| 分册: | ||
| 出版信息: | 北京 外国文学出版社 1984 |
|
| 页数: | 397页 | |
| 开本: | 18cm | |
| 丛书名: | ||
| 单 册: | ||
| 中图分类: | I512.24 , I512.2 | |
| 科图分类: | ||
| 主题词: | 诗歌--苏联--近代--选集 | |
| 电子资源: | ||
| ISBN: | ||
| 000 | 00748nam0 2200241 450 | |
| 001 | 1548185054 | |
| 005 | 20150124132322.62 | |
| 010 | @dCNY1.50 | |
| 091 | @a10208.183 | |
| 100 | @a19950630d1984 em y0chiy0110 ea | |
| 101 | 1 | @achi@crus |
| 102 | @aCN@b110000 | |
| 105 | @acf z 000gy | |
| 200 | 1 | @a普希金长诗选@9pu xi jin chang shi xuan@f(俄)普希金著@g余振译 |
| 210 | @a北京@c外国文学出版社@d1984 | |
| 215 | @a397页@c肖像及图@d18cm | |
| 606 | 0 | @a诗歌@y苏联@z近代@x选集 |
| 690 | @aI512.24@v5 | |
| 690 | @aI512.2@v4 | |
| 701 | 1 | @c(俄)@a普希金@9pu xi jin@c(Пушкин, Александр Сергеевич@f1799~1837)@4著 |
| 702 | 0 | @a李毓珍@9li yu zhen@f(1909.6~1996)@4译 |
| 801 | 0 | @aCN@bTSSF@c20150124 |
| 905 | @aZUCC@dI512.2@eJY11 | |
| 普希金长诗选/(俄)普希金著/余振译.-北京:外国文学出版社,1984 |
| 397页:肖像及图;18cm |
| ISBN :CNY1.50 |
| ● |
| 相关链接 |
|
|
|
|
正题名:普希金长诗选
索取号:I512.2/JY11
 
预约/预借
| 序号 | 登录号 | 条形码 | 馆藏地/架位号 | 状态 | 备注 |
| 1 | 7843652 | 278436523 | 学院路分馆/ [索取号:I512.2/JY11] | 在馆 |